| 000 | 01171nam a22003617a 4500 | ||
|---|---|---|---|
| 001 | 0056512 | ||
| 003 | KOHA_MİRAKIL | ||
| 005 | 20260207004052.0 | ||
| 007 | ta | ||
| 008 | 160324b2004 tu a|||gr||||#||||1|tur | | ||
| 040 |
_aTR-BiSEU _btur _cTR-BiSEU _erda |
||
| 041 | 0 | _atur | |
| 044 | _ctu | ||
| 050 |
_aPL205 _b.A23 2004 |
||
| 245 | 0 |
_aProf. Dr. Abdurrahman Güzel'e armağan/ _cEditör İsmet Çetin. |
|
| 264 | 1 |
_aAnkara : _bGazi Eğitim ve Kültür Vakfı _c2004 |
|
| 300 |
_aXIV, 744 sayfa : _bresimli ; _c24 cm. |
||
| 336 |
_ametin _btxt _2rdacontent |
||
| 337 |
_aaracısız _bn _2rdamedia |
||
| 338 |
_acilt _bnc _2rdacarrier |
||
| 490 | 1 |
_aGazi Eğitim ve Kültür Vakfı yayını ; _v 1 |
|
| 500 | _aKaynakça var. | ||
| 650 | 0 |
_aGüzel, Abdurrahman, 1942- . _9104699 |
|
| 650 | 0 |
_aTurks--History. _99161 |
|
| 650 | 0 |
_aTurkic peoples. _915976 |
|
| 650 | 0 |
_aTurkish literature. _97987 |
|
| 650 | 0 |
_aTürkler--Tarih. _96925 |
|
| 650 | 0 |
_aTürk halkaları. _9104700 |
|
| 650 | 0 |
_aFestschriften--Turkey. _933535 |
|
| 650 | 0 |
_aArmağan kitaplar--Türkiye. _916147 |
|
| 830 | 1 |
_aGazi Eğitim ve Kültür Vakfı yayını ; _v 1 _9104701 |
|
| 942 |
_2lcc _cBK |
||
| 999 |
_c56320 _d56320 |
||